<?xml version="1.0" encoding="UTF-8"?><?xml-stylesheet type="text/xsl" href="static/style.xsl"?><OAI-PMH xmlns="http://www.openarchives.org/OAI/2.0/" xmlns:xsi="http://www.w3.org/2001/XMLSchema-instance" xsi:schemaLocation="http://www.openarchives.org/OAI/2.0/ http://www.openarchives.org/OAI/2.0/OAI-PMH.xsd"><responseDate>2026-04-17T13:08:01Z</responseDate><request verb="GetRecord" identifier="oai:www.recercat.cat:2117/448494" metadataPrefix="marc">https://recercat.cat/oai/request</request><GetRecord><record><header><identifier>oai:recercat.cat:2117/448494</identifier><datestamp>2025-12-08T22:11:47Z</datestamp><setSpec>com_2072_1033</setSpec><setSpec>col_2072_452950</setSpec></header><metadata><record xmlns="http://www.loc.gov/MARC21/slim" xmlns:dcterms="http://purl.org/dc/terms/" xmlns:xsi="http://www.w3.org/2001/XMLSchema-instance" xmlns:doc="http://www.lyncode.com/xoai" xsi:schemaLocation="http://www.loc.gov/MARC21/slim http://www.loc.gov/standards/marcxml/schema/MARC21slim.xsd">
   <leader>00925njm 22002777a 4500</leader>
   <datafield ind2=" " ind1=" " tag="042">
      <subfield code="a">dc</subfield>
   </datafield>
   <datafield ind2=" " ind1=" " tag="720">
      <subfield code="a">Rosselló i Nicolau, Maribel</subfield>
      <subfield code="e">author</subfield>
   </datafield>
   <datafield ind2=" " ind1=" " tag="720">
      <subfield code="a">De la Torre, Paulina</subfield>
      <subfield code="e">author</subfield>
   </datafield>
   <datafield ind2=" " ind1=" " tag="260">
      <subfield code="c">2023</subfield>
   </datafield>
   <datafield ind2=" " ind1=" " tag="520">
      <subfield code="a">A partir de cinc cases de veïns entre mitgeres construïdes entre 1876 i 1902 (casa Maria Montaner a Ronda Universitat, casa Font i Torras al carrer de Sant Pere Mitjà, casa Maria Montaner al carrer Balmes, casa Farreras al carrer Mallorca i casa Lamadrid al carrer Girona) estudiem l’aportació de Domènech i Montaner en la configuració del teixit residencial de l’Eixample de Barcelona. Cinc exemples que ressegueixen el creixement de la ciutat durant aquests anys, des de la Ciutat Vella als nous espais urbans dels carrers Girona i Mallorca, passant pels límits de la nova ciutat fora muralles.&#xd;
El propòsit és analitzar en un context de maduració i consolidació de la casa de veïns quina és l’aportació de Domènech. Fins a quin punt s’ajusta al model que es va conformant des de la dècada dels quaranta del segle XIX o bé fa noves aportacions i indaga camins propis en la definició de l’edifici d’habitatges de renda.</subfield>
   </datafield>
   <datafield ind2=" " ind1=" " tag="520">
      <subfield code="a">Postprint (published version)</subfield>
   </datafield>
   <datafield ind1="8" ind2=" " tag="024">
      <subfield code="a">http://hdl.handle.net/2117/448494</subfield>
   </datafield>
   <datafield tag="653" ind2=" " ind1=" ">
      <subfield code="a">Àrees temàtiques de la UPC::Urbanisme::Projecte urbà</subfield>
   </datafield>
   <datafield tag="653" ind2=" " ind1=" ">
      <subfield code="a">Àrees temàtiques de la UPC::Arquitectura::Arquitectes</subfield>
   </datafield>
   <datafield tag="653" ind2=" " ind1=" ">
      <subfield code="a">Cases de veïns</subfield>
   </datafield>
   <datafield tag="653" ind2=" " ind1=" ">
      <subfield code="a">Eixample</subfield>
   </datafield>
   <datafield tag="653" ind2=" " ind1=" ">
      <subfield code="a">Cases entre mitgeres</subfield>
   </datafield>
   <datafield ind2="0" ind1="0" tag="245">
      <subfield code="a">Domènech i Montaner i les cases veïns entre mitgeres a l’Eixample de Barcelona</subfield>
   </datafield>
</record></metadata></record></GetRecord></OAI-PMH>